007320000a22001930004500090001400000245009400014650002400108650003200132650002900164650002400193650003900217650002300256041001400279100003400293942001300327773003200340999001700372952014900389 aARb0354910aGenres d'acridiens neotropicaux, leur classification par familles sous-familles et tribus14aEntomología9448314aSistemática animal99296814aTaxonomía animal9824514aMorfología99291714aDistribución geográfica99299714aNeotropicos9941070 aFrancés1 aAmedegnato, Christiane996621 cARTICULO1 tAcridah3q193-201d1974g3 c12599d12599 00102ddc40718HEMEROTECAaBogotabBogotad2015-02-27l0oAR 03549 - Fuera de circulaciónp014461r2015-03-25 00:00:00w2015-03-25yARTICULO